000 00358nam a2200121Ia 4500
008 190216s9999||||xx |||||||||||||| ||und||
100 _aMatthew Arnold
245 0 _aPoetry And Prose With William Watson`S Poem And Essays By Lionel Johnson & H W Garrod
260 _bOxford University Press
_c1963
300 _a187p
650 _aEnglish Poetry
942 _cBK
999 _c11976
_d11976